[Event "ARG-ch Amateur U1700"]
[Site "Suipacha"]
[Date "2019.11.15"]
[Round "2.9"]
[White "Salerno, Luis"]
[Black "Moroni, Leonardo"]
[Result "1-0"]
[WhiteElo "1620"]
[BlackElo "1468"]
[PlyCount "41"]
[EventDate "2019.11.15"]
[EventType "swiss"]
[EventRounds "8"]
[EventCountry "ARG"]
[SourceTitle "EXT 2024"]
[Source "ChessBase"]
[SourceDate "2023.10.10"]
[SourceVersion "1"]
[SourceVersionDate "2023.10.10"]
[SourceQuality "1"]

1. e4 e6 2. Nf3 d5 3. exd5 exd5 4. d4 Bd6 5. Bd3 Nf6 6. 0-0 0-0 7. b3 Bg4 8. h3 Bh5 9. c4 c6 10. Bg5 Re8 11. Nbd2 Nbd7 12. Qc2 h6 13. Bh4 Qc7 14. Rae1 Rac8 15. Bf5 Rb8 16. g4 g5 17. Nxg5 Bf4 18. Ngf3 Bxd2 19. Nxd2 Bxg4 20. hxg4 Nxg4 21. Bg3 1-0

[Event "Rafaela IRT U1700"]
[Site "Rafaela"]
[Date "2019.09.01"]
[Round "6.3"]
[White "Calvo, Orlando"]
[Black "Moroni, Leonardo"]
[Result "1/2-1/2"]
[WhiteElo "1534"]
[BlackElo "1470"]
[PlyCount "85"]
[EventDate "2019.08.31"]
[EventType "swiss"]
[EventRounds "6"]
[EventCountry "ARG"]
[SourceTitle "EXT 2024"]
[Source "ChessBase"]
[SourceDate "2023.10.10"]
[SourceVersion "1"]
[SourceVersionDate "2023.10.10"]
[SourceQuality "1"]

1. e4 e6 2. d4 d5 3. Nc3 Bb4 4. e5 c5 5. a3 Bxc3+ 6. bxc3 Nc6 7. Nf3 Nge7 8. Be2 Bd7 9. 0-0 Rc8 10. Rb1 Qc7 11. Be3 cxd4 12. cxd4 Na5 13. Bd3 Nc4 14. Bxc4 dxc4 15. Nd2 0-0 16. Ne4 Bc6 17. Nd6 Rb8 18. Qg4 Ng6 19. h4 Qe7 20. h5 Qh4 21. f3 Qxg4 22. fxg4 Ne7 23. Nxc4 Nd5 24. Bd2 a6 25. Nd6 b5 26. Rf2 f6 27. Bb4 Nxb4 28. axb4 fxe5 29. dxe5 Rxf2 30. Kxf2 Rf8+ 31. Kg3 Bd5 32. Ra1 Ra8 33. Rf1 Ra7 34. Rf2 Rc7 35. Kf4 h6 36. g5 Kh7 37. gxh6 Kxh6 38. g4 g5+ 39. hxg6 Kxg6 40. Rh2 Rc3 41. Rf2 Bc6 42. g5 Bd5 43. Kg4 1/2-1/2

[Event "Santa Fe Laguna Paiva op"]
[Site "Santa Fe"]
[Date "2019.03.10"]
[Round "4"]
[White "Ocampo, Carlos Federico"]
[Black "Moroni, Leonardo"]
[Result "0-1"]
[WhiteElo "1658"]
[BlackElo "1413"]
[PlyCount "81"]
[EventDate "2019.03.09"]
[EventType "swiss"]
[EventRounds "6"]
[EventCountry "ARG"]
[SourceTitle "CBM 189 Extra"]
[Source "ChessBase"]
[SourceDate "2019.06.03"]
[SourceVersion "1"]
[SourceVersionDate "2019.06.03"]
[SourceQuality "1"]

1. c4 Nf6 2. Nc3 g6 3. g3 Bg7 4. Bg2 e5 5. Nf3 d6 6. 0-0 Nc6 7. e3 Bg4 8. h3 Be6 9. b3 Qd7 10. Ng5 0-0-0 11. Nxe6 fxe6 12. d4 exd4 13. exd4 d5 14. c5 Nh5 15. Ne2 e5 16. Be3 Rhe8 17. Re1 Qe7 18. g4 exd4 19. Bd2 Nf6 20. Nxd4 Qxc5 21. Nxc6 Rxe1+ 22. Qxe1 Qxc6 23. Rc1 Qa6 24. Qe7 Rd7 25. Qc5 Ne4 26. Bxe4 dxe4 27. Bf4 Qb6 28. Qa3 Bd4 29. Rc2 e3 30. Bg3 exf2+ 31. Bxf2 Rf7 32. Bxd4 Qxd4+ 33. Kh2 Qf4+ 34. Kg1 Qe3+ 35. Kh2 Qe5+ 36. Kg1 Qe3+ 37. Kh2 Qf4+ 38. Kg1 Qg3+ 39. Rg2 Qe3+ 40. Kh2 Rf3 41. Qb4 0-1